Economics : a general textbook for students

Saved in:
Bibliographic Details
Main Author: Benham, Frederic
Format: Book
Language:English
Published: London : Pitman, c1948
Edition:4th ed.
Subjects:
Tags: Add Tag
No Tags, Be the first to tag this record!

MARC

LEADER 00000nam a2200000 i 4500
001 1/69586
008 990216s1948 eng d
035 |l 10047875 
040 |a GR-MY-UA  |b gre  |e aacr 
041 0 |a eng 
082 0 |a 330 
100 1 |a Benham, Frederic. 
245 1 0 |a Economics :  |b a general textbook for students /  |c Frederick Benham 
250 |a 4th ed. 
260 |a London :   |b Pitman,   |c c1948 
300 |a xvii, 542 p. 
504 |a Includes index 
650 0 0 |a Economics. 
852 |a INST  |b CHIOS  |e 19990216  |h 330 BEN  |p 005200014854  |q 005200014854  |t BK  |y 0 
901 |a BIBL-1999-1 
909 |a Χ  |b 055381 
922 |a 2ΔΩΡ  |b 199902  |d ΛΕΜΟΝΙΑ